LEADER 01105nam a2200289 a 4500 001 000000160475 003 CaOOAMICUS 005 20170503120739.0 008 170503s1998 it u000 u ita r 020 $a88-8319-204-4* 032 $aLibriCat 040 $aPUL$bita 082 04$a370.1 100 1 $aMacchietti, Sira Serenella.$0(OLS)http://pul/name/5417 245 10$aAppunti per una pedagogia della persona /$cSira Serenella Macchietti. 260 $aRoma :$bBulzoni,$c©1998. 300 $a229 p. ;$c21 cm. 504 $aBibliografia in nota. 650 4$aPedagogia.$0(OLS)http://pul/subject/1507 850 $aPUL 852 $aPUL$W1$xSL Diritto e Scienze Sociali 3$y79$m370. 1 MACSI 1$j184089$qDDC 21$B187298$CPULBib$Z2$F187298 $H129527 $81 941 1 $a9 996 $6020$a88-8319-204-4*$9(OLS)http://pul/number/162567 996 $6082$a370.1$9(OLS)http://pul/classification/413 996 $6245$aAppunti per una pedagogia della persona$9(OLS)http://pul/title/200130 996 $6260$aRoma :$bBulzoni$9(OLS)http://pul/publisher/48135 LEADER 01304nam a2200289 a 4500 001 000000164908 003 CaOOAMICUS 005 20171214093311.0 008 171214s1983 it m u001 u eng r 032 $aLibriCat 040 $aPUL$bita 100 1 $aEtumonu Arimoku, Dennis.$0(OLS)http://pul/name/106120 245 14$aThe polemics of st. Augustine against Pelagius / $cDennis Etumonu Arimoku. 260 $aRomae :$b[s.n.],$c1983. 300 $axix, 194 p. ;$c24 cm. 502 $aTesi. Pontificia Universitas Urbaniana. Dogmatica. Facultas Theologiae. 1983. 504 $aBibliografia in nota a pič pagina. 600 04$aAugustinus,$cs., vesc. d'Ippona,$d354-430.$0(OLS)http://pul/subject/758 650 4$aPelagianesimo.$0(OLS)http://pul/subject/6732 710 2 $aPontificia Universitą Urbaniana.$bFacoltą di teologia$kTesi.$0(OLS)http://pul/name/81495 850 $aPUL 852 $aPUL$W1$xDP1 Tesi Pon. Univ. Urbaniana$y49$mTH URB TH107$j189126$qTesi$B192224$CPULBib$Z2$F192224 $H53237 $82 941 1 $a16 960 $aAgostino,$cs., vesc. d'Ippona,$d354-430$9758 996 $6245$aThe polemics of st. Augustine against Pelagius / $9(OLS)http://pul/title/204600 996 $6260$aRomae :$b[s.n.]$9(OLS)http://pul/publisher/48223